| 000 | 01169nam1a22002531i 4500 | ||
|---|---|---|---|
| 001 | rc\3714400 | ||
| 005 | 20260407144356.0 | ||
| 035 | _a(NLR Aleph) 007859224 | ||
| 090 |
_a7796616 _c7796616 |
||
| 100 | _a20130115g1974 |||y0rusy50 ca | ||
| 101 | 0 | _arus | |
| 102 | _aRU | ||
| 105 | _ay b ||||| | ||
| 200 | 1 |
_aСоветская археография _eАннот. каталог науч.-метод. литературы. (1917-1970 гг.) _eВып. 1- _fГл. арх. упр. при Совете Министров СССР. Всесоюз. науч.-исслед. ин-т документоведения и арх. дела "ВНИИДАД" |
|
| 210 |
_aМосква _c[ВНИИДАД] _d1974- |
||
| 215 | _d23 | ||
| 606 |
_aАрхеография в СССР _jБиблиографические указатели _2psbo |
||
| 606 |
_aАрхеография в СССР _jУказатели литературы _2psbo |
||
| 712 | 0 | 2 |
_aВНИИ документоведения и архивного дела _3RU\NLR\AUTH\8810018038 _9533927 |
| 801 | 0 |
_aRU _bNLR _gpsbo |
|
| 801 | 1 |
_aRU _bELAR _2rusmarc |
|
| 852 |
_aNLR _jС К-2/684 |
||
| 942 | _cBOOK | ||